[Event "OGOLNOPOLSKA OLIMPIADA MLODZIEZY<br/>MISTRZOSTWA POLSKI JUNIOROW 2016 - D14"]
[Site "Olecko"]
[Date "2016-05-08"]
[Round "4.7"]
[White "Jarocka, Liwia"]
[Black "Bilczewska, Olga"]
[Result "1-0"]
[WhiteTitle "I+"]
[BlackTitle "I"]
[WhiteElo "1667"]
[BlackElo "1558"]

1. e4 c6 2. d4 g6 3. Nc3 Bg7 4. Nf3 d5 5. h3 e6 6. Bd3 Ne7 7. O-O O-O 8. Be3 Nd7
9. Qd2 dxe4 10. Bxe4 Nd5 11. Bh6 N7f6 12. Bd3 Qc7 13. Bxg7 Kxg7 14. Ne5 Nd7 15.
f4 Qb6 16. Be4 N7f6 17. Bxd5 exd5 18. b3 Qc7 19. f5 Qd6 20. fxg6 fxg6 21. Rf2
Bf5 22. Raf1 Ne4 23. Nxe4 Bxe4 24. Rf7+ Rxf7 25. Rxf7+ Kg8 26. Qh6 1-0

[Event "OGOLNOPOLSKA OLIMPIADA MLODZIEZY<br/>MISTRZOSTWA POLSKI JUNIOROW 2016 - D14"]
[Site "Olecko"]
[Date "2016-05-08"]
[Round "4.8"]
[White "Hryn, Aleksandra"]
[Black "Czarniecka, Aleksandra"]
[Result "1/2-1/2"]
[WhiteTitle "I"]
[BlackTitle "I"]
[WhiteElo "1517"]
[BlackElo "1624"]

1. e4 c5 2. Nf3 d6 3. d4 cxd4 4. Nxd4 Nf6 5. Nc3 a6 6. h3 e6 7. Be2 Be7 8. O-O
O-O 9. a4 Nbd7 10. Nb3 Qc7 11. Be3 b6 12. f4 Bb7 13. Bf3 Rfd8 14. Qe1 Nc5 15.
Nxc5 bxc5 16. Bf2 Rab8 17. b3 c4 18. Rc1 d5 19. e5 Ne8 20. Bd4 g6 21. g4 Ng7 22.
Kh1 Rbc8 23. Qf2 Qb8 24. Bg2 Rd7 25. Bb6 Qa8 26. Ne2 Bd8 27. Bd4 Rc6 28. b4 Rc8
29. c3 Bc6 30. a5 Be7 31. Kg1 Rf8 32. g5 Rb8 33. Bb6 Qb7 34. Kh1 Qc8 35. Kg1 Bd8
36. Bxd8 Rxd8 37. Nd4 Qd7 38. h4 Kf8 39. Bh3 Ke7 40. Bg4 Rg8 41. Kg2 Kd8 42. Rg1
Ne8 43. Kf1 Nc7 44. Ke1 Nb5 45. Nxb5 Rxb5 46. Qd4 Kc8 47. Ke2 Rh8 48. Rh1 Kb7
49. Rh2 h5 50. Bf3 Ka8 51. Ke3 Rbb8 52. Bd1 Rhc8 53. Rd2 Ba4 54. Bxa4 Qxa4 55.
Rdc2 Qb3 56. Ke2 Rc7 57. Qd2 Rd7 58. Qd4 Rb5 59. Kd2 Rc7 60. Ke2 Rb8 1/2-1/2

[Event "OGOLNOPOLSKA OLIMPIADA MLODZIEZY<br/>MISTRZOSTWA POLSKI JUNIOROW 2016 - D14"]
[Site "Olecko"]
[Date "2016-05-08"]
[Round "4.9"]
[White "Pyzio, Amelia"]
[Black "Lascar, Maria Elena"]
[Result "0-1"]
[WhiteTitle "I"]
[BlackTitle "I+"]
[WhiteElo "1564"]
[BlackElo "1491"]

1. e4 c5 2. Nf3 e6 3. d4 cxd4 4. Nxd4 Nc6 5. Nc3 Qc7 6. Be3 a6 7. Bd3 b5 8. Nb3
Nf6 9. f4 d6 10. Qe2 Bb7 11. g4 Nd7 12. h4 Nc5 13. Rf1 O-O-O 14. O-O-O Nxb3+ 15.
axb3 Qa5 16. Kd2 d5 17. exd5 exd5 18. Ra1 Qb4 19. Kc1 d4 20. Na2 Qc5 21. Bd2 Bd6
22. Re1 h6 23. Qf2 Rhe8 24. Kb1 b4 25. Nc1 a5 26. Ne2 Kb8 27. Ng3 Rxe1+ 28. Qxe1
Bc7 29. Ka2 Ne7 30. Qf2 Bd5 31. Kb1 Bb6 32. f5 Nc6 33. Bf4+ Ka7 34. Nh5 Qf8 35.
Qg3 f6 36. Bd2 Ne5 37. Bf4 Nxd3 38. Qxd3 Qe7 39. Bd2 Be4 40. Qb5 Rc8 41. Ka2 Rxc2
42. Bf4 d3 43. Re1 d2 44. Rd1 Rc1 45. Qf1 Bb1+ 46. Ka1 Bd3+ 47. Rxc1 Bxf1 48.
Rxf1 Qe1+ 0-1

[Event "OGOLNOPOLSKA OLIMPIADA MLODZIEZY<br/>MISTRZOSTWA POLSKI JUNIOROW 2016 - D14"]
[Site "Olecko"]
[Date "2016-05-08"]
[Round "4.10"]
[White "Michalska, Aleksandra"]
[Black "Orlik, Sandra"]
[Result "1-0"]
[WhiteTitle "I"]
[BlackTitle "I"]
[WhiteElo "1560"]
[BlackElo "1451"]

1. e4 c5 2. c4 Nc6 3. Nc3 e6 4. g3 g6 5. Bg2 a6 6. Nge2 Bg7 7. d3 Nge7 8. O-O O-O
9. Bg5 h6 10. Bf4 d6 11. Qd2 Kh7 12. Rab1 e5 13. Be3 f5 14. f4 Nd4 15. Bxd4 cxd4
16. Nd1 Be6 17. exf5 Nxf5 18. Bxb7 Ra7 19. Bg2 Qd7 20. fxe5 dxe5 21. b3 Rb8 22.
Qe1 Bf8 23. g4 Ng7 24. h3 Bb4 25. Qg3 Bd6 26. Be4 Ne8 27. Nb2 Qg7 28. Qg2 Nf6
29. Ng3 Rf7 30. Nh5 Qf8 31. Nxf6+ Rxf6 32. Rxf6 Qxf6 33. Rf1 Qg5 34. Nd1 Kg7 35.
Bd5 Qe7 36. Nf2 a5 37. Bxe6 Qxe6 38. Ne4 Rf8 39. Nxd6 Rxf1+ 40. Kxf1 Qxd6 41.
Qb7+ Kf6 42. Qa8 Qa3 43. Qh8+ Kf7 44. Qxe5 Qc1+ 45. Qe1 Qa3 46. Qf2+ Kg8 47. Qc2
Qc5 48. Qc1 g5 49. Qb2 Qe5 50. Qf2 Kg7 51. a3 Qc5 52. b4 axb4 53. axb4 Qe5 54.
b5 Kg8 55. Qf3 Kg7 56. b6 Qh2 57. Qb7+ Kh8 58. Qf3 Kg7 59. b7 Qb2 60. Qe4 Qc1+
61. Kf2 Qb2+ 62. Kg3 Qa1 63. Qe5+ Kg6 64. b8=Q Qg1+ 65. Kf3 Qh1+ 66. Kf2 Qxh3
67. Qf5+ 1-0

[Event "OGOLNOPOLSKA OLIMPIADA MLODZIEZY<br/>MISTRZOSTWA POLSKI JUNIOROW 2016 - D14"]
[Site "Olecko"]
[Date "2016-05-08"]
[Round "4.11"]
[White "Furtak, Joanna"]
[Black "Tomczak, Marta"]
[Result "1-0"]
[WhiteTitle "I+"]
[BlackTitle "I"]
[WhiteElo "1701"]
[BlackElo "1482"]

1. d4 d5 2. Nc3 Nf6 3. Bg5 e6 4. e4 dxe4 5. Nxe4 Be7 6. Bxf6 Bxf6 7. Nf3 O-O 8.
Bc4 b6 9. c3 Bb7 10. Qe2 a6 11. O-O b5 12. Bb3 Nd7 13. Rad1 Nb6 14. Ne5 Bxe5 15.
dxe5 Qe7 16. Kh1 Rad8 17. f4 c5 18. Bc2 Rxd1 19. Rxd1 Nd5 20. Qh5 h6 21. f5 exf5
22. Qxf5 g6 23. Nf6+ Kh8 24. Nxd5 Bxd5 25. Qf4 Rd8 26. Qf6+ Qxf6 27. exf6 Rd7
28. Be4 Be6 29. Rxd7 Bxd7 30. b4 cxb4 31. cxb4 Bc8 32. Kg1 h5 33. h4 Kh7 34. Kf2
Kh6 35. a3 g5 36. g3 g4 37. Ke3 Be6 38. Kf4 Bc4 39. Ke5 Bb3 40. Kd6 Bc4 41. Kc7
Be6 42. Kd6 Bc4 43. Bb7 Kg6 44. Ke5 Be6 45. Bxa6 Bd7 46. Bb7 Be8 47. Bd5 Bd7 48.
Kd6 Bf5 49. Ke7 Kh6 50. Bxf7 Bh7 51. Be8 1-0

[Event "OGOLNOPOLSKA OLIMPIADA MLODZIEZY<br/>MISTRZOSTWA POLSKI JUNIOROW 2016 - D14"]
[Site "Olecko"]
[Date "2016-05-08"]
[Round "4.12"]
[White "Skiba, Aleksandra"]
[Black "Koruch, Maria"]
[Result "0-1"]
[WhiteTitle "I"]
[BlackTitle "I"]
[WhiteElo "1596"]
[BlackElo "1362"]

1. d4 d5 2. c4 c6 3. Nc3 Nf6 4. Bg5 dxc4 5. Bxf6 exf6 6. a4 Bb4 7. e3 Bxc3+ 8.
bxc3 Qa5 9. Qc1 Be6 10. Nf3 Nd7 11. Nd2 Nb6 12. Qc2 O-O 13. Be2 c5 14. O-O cxd4
15. cxd4 Rac8 16. Rfc1 Rfd8 17. Bf3 Bf5 18. Be4 Bxe4 19. Nxe4 Nd5 20. Nc5 Qc7
21. e4 Nf4 22. Rd1 Ne6 23. Nxe6 fxe6 24. Qc3 Qc6 25. f3 a6 26. a5 f5 27. e5 Rd5
28. Rab1 Rb5 29. Rdc1 Qd5 30. Rxb5 axb5 31. Rb1 Rd8 32. Rd1 Qc6 33. Kf2 Ra8 34.
Ra1 Qa6 35. h3 Rd8 36. Ke3 b6 37. Kf2 bxa5 38. Rxa5 Qb6 39. Ke3 b4 40. Qa1 c3
41. Rc5 b3 42. Rxc3 b2 43. Qd1 b1=Q 44. Qxb1 Qxb1 45. Rd3 Qg1+ 46. Kf4 Rxd4+ 47.
Rxd4 Qxd4+ 48. Kg3 Qxe5+ 49. f4 Qe3+ 50. Kh2 Qxf4+ 51. Kg1 e5 52. g4 e4 53. gxf5
e3 54. f6 e2 55. f7+ Kxf7 56. Kg2 e1=Q 0-1

[Event "OGOLNOPOLSKA OLIMPIADA MLODZIEZY<br/>MISTRZOSTWA POLSKI JUNIOROW 2016 - D14"]
[Site "Olecko"]
[Date "2016-05-08"]
[Round "4.13"]
[White "Kulpa, Zuzanna"]
[Black "Choinska, Debora"]
[Result "1-0"]
[WhiteTitle "I+"]
[BlackTitle "I"]
[WhiteElo "1654"]
[BlackElo "1244"]

1. d4 d5 2. c4 e6 3. Nf3 Nf6 4. g3 Be7 5. Bg2 O-O 6. O-O Nbd7 7. Bf4 Re8 8. Qb3
c5 9. cxd5 Nxd5 10. Bd2 cxd4 11. Nxd4 Nc5 12. Qc2 e5 13. Nb3 Nxb3 14. Qxb3 Nb6
15. Bc3 Bd6 16. Nd2 Be6 17. Qd1 Bd5 18. Ne4 Bc7 19. Qc2 Qe7 20. Rfd1 Red8 21.
a3 f5 22. Bb4 Qd7 23. Nc3 Qc6 24. Bxd5+ Nxd5 25. Qb3 Kh8 26. Nxd5 Bb6 27. Nxb6
Qxb6 28. Qc3 Qe6 29. Qc7 Qe8 30. Qxb7 h6 31. Qe7 Qxe7 32. Bxe7 Rdb8 33. Bb4 Rd8
34. Bc3 e4 35. e3 Kg8 36. Kf1 Kf7 37. Ke2 g6 38. Rxd8 Rxd8 39. Rd1 Rxd1 40. Kxd1
Ke6 41. Kc2 Kd5 42. Bd4 Kc4 43. Bxa7 h5 44. b3+ Kb5 45. Kc3 Ka6 46. Bd4 Kb5 47.
a4+ Ka6 48. b4 Kb7 49. b5 Kc7 50. a5 Kb7 51. a6+ Kb8 52. b6 Ka8 53. b7+ Kb8 54.
Be5+ Ka7 55. b8=Q+ Kxa6 56. Bc7 f4 57. Qb6# 1-0

[Event "OGOLNOPOLSKA OLIMPIADA MLODZIEZY<br/>MISTRZOSTWA POLSKI JUNIOROW 2016 - D14"]
[Site "Olecko"]
[Date "2016-05-08"]
[Round "4.14"]
[White "Moscicka, Pola"]
[Black "Mytych, Wiktoria"]
[Result "0-1"]
[WhiteTitle "k"]
[BlackTitle "I"]
[WhiteElo "1838"]
[BlackElo "1276"]

1. e4 c6 2. d4 d5 3. Nc3 dxe4 4. Nxe4 Bf5 5. Ng3 Bg6 6. N1e2 Nf6 7. Nf4 e6 8. h4
c5 9. Nxg6 hxg6 10. dxc5 Qxd1+ 11. Kxd1 Bxc5 12. Bb5+ Nbd7 13. Ke2 Rc8 14. Bg5
Be7 15. c3 Nd5 16. Bxe7 Kxe7 17. Bxd7 Kxd7 18. Rad1 Ke7 19. Rd4 Rc7 20. Rhd1 Rhc8
21. Kf3 Rc4 22. Ne4 R4c7 23. g4 Rh8 24. Kg3 Rhc8 25. f4 Rc4 26. Ng5 Rxd4 27. Rxd4
f6 28. Nf3 Rc6 29. f5 gxf5 30. gxf5 Ne3 31. Re4 Nxf5+ 32. Kf4 Nd6 33. Re2 Rc4+
34. Nd4 e5+ 35. Kg3 Kf7 36. Nf3 Nf5+ 37. Kh3 Rf4 38. Kg2 Nxh4+ 39. Nxh4 Rxh4 40.
Rd2 Ke7 41. b4 Rc4 42. Rd3 Ke6 43. a4 f5 44. Rg3 Rg4 45. Rxg4 fxg4 46. c4 b6 47.
Kg3 Kd6 48. Kxg4 Kc6 49. Kf5 a5 50. b5+ Kc5 51. Kxe5 g5 52. Kf5 g4 53. Kxg4 Kxc4
0-1

[Event "OGOLNOPOLSKA OLIMPIADA MLODZIEZY<br/>MISTRZOSTWA POLSKI JUNIOROW 2016 - D14"]
[Site "Olecko"]
[Date "2016-05-08"]
[Round "4.15"]
[White "Jedras, Adrianna"]
[Black "Tarka, Aleksandra"]
[Result "0-1"]
[WhiteTitle "I"]
[BlackTitle "I"]
[WhiteElo "1261"]
[BlackElo "1472"]

1. e4 c5 2. Nf3 d6 3. d4 cxd4 4. Nxd4 Nf6 5. Nc3 g6 6. Be3 Bg7 7. f3 O-O 8. Bc4
Nc6 9. Qd2 Bd7 10. h4 Rc8 11. Bb3 Nxd4 12. Bxd4 b5 13. h5 a5 14. hxg6 hxg6 15.
Bxf6 exf6 16. Qxd6 a4 17. Nd5 Re8 18. Bxa4 Re6 19. Qh2 bxa4 20. O-O-O Bc6 21.
Nf4 Qa5 22. Nxe6 fxe6 23. Qd6 Kf7 24. Rh7 Qa7 25. Qh2 Qe3+ 26. Kb1 a3 27. Rh1
Qd4 28. Rxg7+ Kxg7 29. Qh7+ Kf8 30. Qh6+ Ke7 31. Qc1 axb2 32. Rh7+ Kd6 33. Qf4+
Kc5 34. Rh1 f5 35. Qg5 Ba4 36. Qe7+ Kb6 37. a3 Bxc2+ 38. Ka2 Qc4+ 39. Kxb2 Qc3+
40. Ka2 Bb3+ 41. Kb1 Qc2+ 42. Ka1 Qa2# 0-1

[Event "OGOLNOPOLSKA OLIMPIADA MLODZIEZY<br/>MISTRZOSTWA POLSKI JUNIOROW 2016 - D14"]
[Site "Olecko"]
[Date "2016-05-08"]
[Round "4.16"]
[White "Zaborowska, Maria"]
[Black "Sivickis, Wiktoria"]
[Result "0-1"]
[WhiteTitle "I"]
[BlackTitle "I"]
[WhiteElo "1250"]
[BlackElo "1459"]

1. e4 c6 2. d4 d5 3. exd5 cxd5 4. Bd3 g6 5. Nf3 Bg7 6. c3 Nc6 7. Bf4 Nf6 8. O-O
O-O 9. Re1 Nh5 10. Bg3 Nxg3 11. hxg3 Bg4 12. Nbd2 f6 13. Qc2 e5 14. dxe5 fxe5
15. Nh2 Bf5 16. g4 Bxd3 17. Qxd3 e4 18. Qb5 Rf7 19. Rad1 Be5 20. g3 Qf6 21. Rf1
Rd8 22. f4 Bc7 23. c4 Bb6+ 24. Kg2 Nd4 25. Qb4 e3 26. g5 Qc6 27. Ng4 dxc4+ 28.
Kh2 e2 29. Nh6+ Kg7 30. Nxf7 exf1=N+ 31. Rxf1 Kxf7 32. Qxc4+ Qxc4 33. Nxc4 Bc7
34. Kg2 b5 35. Ne3 Nf5 36. Nxf5 gxf5 37. Rf2 a5 38. b3 Bb6 39. Re2 Rd5 40. Kh3
Kf8 41. Re6 Bd8 42. Re2 b4 43. Kh2 Kf7 44. Kh3 Be7 45. Kg2 Bf8 46. Kf3 h6 47.
gxh6 Bxh6 48. Kf2 Kf6 49. Kf3 Bf8 50. Kg2 Bd6 51. Kf3 Rc5 52. Kf2 Rc3 53. Kg2
Rc8 54. Kh2 Rg8 55. Kh3 Rh8+ 56. Kg2 Rh7 57. Kf3 Re7 58. Rxe7 Bxe7 59. g4 fxg4+
60. Kxg4 Bd6 61. Kf3 Kf5 62. Ke2 Kxf4 63. Kd2 Be5 64. Kd3 Kf5 65. Ke3 Ke6 66.
Ke4 Kd6 67. Kd3 Kc5 68. Ke4 Bc3 69. Ke3 Kb5 70. Ke4 a4 71. Kd5 Bg7 72. Ke4 axb3
73. axb3 Kc5 74. Kd3 Kd5 75. Ke3 Bh6+ 76. Kd3 Bg5 77. Kc2 Kd4 78. Kb2 Kd3 79.
Kb1 Kc3 80. Ka2 Bf4 81. Ka1 Kxb3 82. Kb1 Be5 83. Kc1 Ka2 84. Kc2 b3+ 85. Kc1 b2+
86. Kc2 b1=Q+ 0-1

[Event "OGOLNOPOLSKA OLIMPIADA MLODZIEZY<br/>MISTRZOSTWA POLSKI JUNIOROW 2016 - D14"]
[Site "Olecko"]
[Date "2016-05-08"]
[Round "4.17"]
[White "Wasala, Wiktoria"]
[Black "Wyrzykowska, Aleksandra"]
[Result "1-0"]
[WhiteTitle "I"]
[BlackTitle "I"]
[WhiteElo "1448"]
[BlackElo "1254"]

1. e4 c5 2. Nf3 Nc6 3. Bb5 d6 4. c3 e5 5. d4 cxd4 6. cxd4 Qa5+ 7. Nc3 Bd7 8. O-O
Nf6 9. Bg5 Nxe4 10. d5 Nxc3 11. dxc6 bxc6 12. bxc3 Qxb5 13. Rb1 Qa6 14. Re1 f6
15. Bh4 Be7 16. Qd2 O-O 17. Nxe5 Bf5 18. Nd7 Rfe8 19. Rxe7 Rxe7 20. Nxf6+ Kf7
21. Nh5 Re6 22. Qf4 Qd3 23. Rb7+ Kf8 24. g4 Re1+ 25. Kg2 Qe4+ 26. Qxe4 Bxe4+ 27.
Kg3 Bg6 28. Nxg7 Kg8 29. Kh3 Rf8 30. Rxa7 Rf3+ 31. Bg3 Rxc3 32. f4 Bb1 33. Kh4
Rf1 34. f5 d5 35. Ne6 Rc4 36. Kg5 h6+ 37. Kh5 Rf3 38. a4 Ra3 39. a5 Rca4 40. a6
Rxa6 41. Rg7+ Kh8 42. f6 Ra8 43. f7 Rf3 44. g5 hxg5 45. Rxg5 Rxf7 46. Be5+ Kh7
47. Kg4 Rg8 48. Kh4 Rg6 49. Rh5+ Rh6 50. Ng5+ Kg6 51. Rxh6+ Kxh6 52. Nxf7+ Kg6
53. Nd8 c5 54. Nb7 c4 55. Na5 Kf5 56. Ba1 Be4 57. Kg3 Kg5 58. h4+ Kh5 59. Nc6
Bh1 60. Nd8 Be4 61. Ne6 Kg6 62. Nf4+ Kh6 63. Kg4 Bh1 64. Kf5 Bf3 65. Ke5 Bh1 66.
Bc3 Bf3 67. Be1 Bh1 68. Nxd5 Bxd5 69. Kxd5 c3 70. Bxc3 Kh5 71. Bf6 Kg6 72. Bg5
Kf5 73. Kd6 Kg4 74. Ke7 Kf5 75. Kf7 Ke5 76. h5 Kf5 77. h6 Kxg5 78. h7 1-0

[Event "OGOLNOPOLSKA OLIMPIADA MLODZIEZY<br/>MISTRZOSTWA POLSKI JUNIOROW 2016 - D14"]
[Site "Olecko"]
[Date "2016-05-08"]
[Round "4.18"]
[White "Rokoszna, Zuzanna"]
[Black "Roszkiewicz, Anna"]
[Result "1-0"]
[WhiteTitle "II"]
[BlackTitle "I"]
[WhiteElo "1017"]
[BlackElo "1443"]

1. d4 d5 2. c4 dxc4 3. e4 c5 4. Nf3 Bg4 5. d5 e6 6. Bxc4 Nf6 7. Nc3 exd5 8. exd5
Bd6 9. O-O O-O 10. Bg5 Re8 11. h3 Bh5 12. Qd3 a6 13. a4 Nbd7 14. Rfe1 Qc7 15.
Ne4 Bg6 16. Nfd2 Nb6 17. Bxf6 Bh2+ 18. Kh1 Nxc4 19. Qxc4 Bxe4 20. Nxe4 Qf4 21.
Bc3 Rad8 22. Rad1 h6 23. g3 Rxe4 24. Qxe4 Qxf2 25. Qg2 Bxg3 26. Qxf2 Bxf2 27.
Re7 b5 28. axb5 axb5 29. d6 Bh4 30. Rb7 b4 31. Be5 1-0

[Event "OGOLNOPOLSKA OLIMPIADA MLODZIEZY<br/>MISTRZOSTWA POLSKI JUNIOROW 2016 - D14"]
[Site "Olecko"]
[Date "2016-05-08"]
[Round "4.19"]
[White "Nowicka, Julia"]
[Black "Ullrich, Agata"]
[Result "1-0"]
[WhiteTitle "I"]
[BlackTitle "II"]
[WhiteElo "1281"]
[BlackElo "1199"]

1. e4 e5 2. Nf3 Nc6 3. d4 exd4 4. Nxd4 Bc5 5. Nb3 Bb6 6. Nc3 Nge7 7. Bg5 f6 8.
Bf4 O-O 9. Bc4+ Kh8 10. O-O d6 11. Na4 Ng6 12. Nxb6 axb6 13. Bd2 Nce7 14. f4 f5
15. exf5 Nxf5 16. Qh5 Nh6 17. Bc3 Qh4 18. Qxh4 Nxh4 19. Nd4 c5 20. Nb5 N4f5 21.
Rae1 Bd7 22. Nc7 Rac8 23. Nd5 b5 24. Bd3 Rce8 25. Rxe8 Rxe8 26. Nc7 Rc8 27. Nxb5
c4 28. Bxf5 Nxf5 29. Nd4 Re8 30. Rd1 h6 31. Nxf5 Bxf5 32. Rxd6 Bxc2 33. Rxh6+
Kg8 34. Rb6 Be4 35. Rd6 Rf8 36. Be5 g5 37. fxg5 Bd3 38. Bf6 b5 39. Rd8 Rxd8 40.
Bxd8 b4 41. Ba5 Bb1 42. Bxb4 Bxa2 43. h4 Kg7 44. Kf2 Kg6 45. g4 Bb1 46. Kg3 Bc2
47. Kf4 Bd1 48. h5+ Kf7 49. g6+ Kg7 50. Bc3+ Kh6 51. g7 Kh7 52. h6 Be2 53. g5
Bd3 54. Ke5 Bc2 55. Kf6 Bg6 56. Bd4 Be8 57. Ke7 c3 58. Bxc3 Ba4 59. b4 Kg8 60.
g6 Bb5 61. h7# 1-0

[Event "OGOLNOPOLSKA OLIMPIADA MLODZIEZY<br/>MISTRZOSTWA POLSKI JUNIOROW 2016 - D14"]
[Site "Olecko"]
[Date "2016-05-08"]
[Round "4.20"]
[White "Filipska, Maja"]
[Black "Tuznik, Martyna"]
[Result "1/2-1/2"]
[WhiteTitle "I"]
[BlackTitle "II"]
[WhiteElo "1479"]
[BlackElo "1047"]

1. e4 c5 2. Nf3 d6 3. d4 cxd4 4. Nxd4 Nf6 5. Nc3 g6 6. Be3 Bg7 7. f3 O-O 8. Qd2
Nc6 9. Bc4 Bd7 10. O-O-O Rc8 11. Bb3 Na5 12. g4 Nxb3+ 13. Nxb3 a6 14. g5 Nh5 15.
Nd5 Ba4 16. Nb6 Bxb3 17. Nxc8 Bxa2 18. Nb6 Qc7 19. Nd5 Qd7 20. Bd4 f6 21. b3 Qd8
22. Kb2 Bxb3 23. cxb3 Qd7 24. Rc1 e6 25. Nxf6+ Nxf6 26. Bxf6 Qf7 27. Qxd6 Bxf6+
28. gxf6 Qxf6+ 29. e5 Qxf3 30. Qxe6+ Kh8 31. Qc4 Qg2+ 32. Qc2 Rf2 33. Rhd1 Rxc2+
34. Rxc2 Qe4 35. Rd7 Qxe5+ 36. Ka2 Qa5+ 37. Kb2 Qe5+ 38. Ka2 Qa5+ 39. Kb1 Qf5
40. Rxb7 g5 41. Kb2 Qe5+ 42. Ka2 Qa5+ 43. Kb2 Qe5+ 44. Ka2 Qa5+ 45. Kb2 Qe5+ 46.
Ka2 1/2-1/2

[Event "OGOLNOPOLSKA OLIMPIADA MLODZIEZY<br/>MISTRZOSTWA POLSKI JUNIOROW 2016 - D14"]
[Site "Olecko"]
[Date "2016-05-08"]
[Round "4.22"]
[White "Laszczuk, Zuzanna"]
[Black "Kubasik, Aleksandra"]
[Result "0-1"]
[WhiteTitle "II"]
[BlackTitle "II"]
[WhiteElo "1062"]
[BlackElo "1151"]

1. e4 c5 2. Nc3 a6 3. g3 e6 4. Bg2 Qc7 5. d3 Nf6 6. f4 d6 7. Be3 Be7 8. Nf3 Nc6
9. O-O O-O 10. h3 Rb8 11. g4 b5 12. f5 exf5 13. exf5 h6 14. Qe1 Bd7 15. Qg3 Rbc8
16. Nh4 Ne5 17. Bf3 b4 18. Ne4 Nxf3+ 19. Rxf3 Bc6 20. Nxf6+ Bxf6 21. Rff1 Bxb2
22. Rab1 Be5 23. Bf4 Bxf4 24. Rxf4 Bd5 25. g5 h5 26. c4 bxc3 27. Rf2 Rfd8 28.
g6 f6 29. Nf3 Rb8 30. Rbf1 Rb2 31. Qh4 Rxf2 32. Rxf2 c2 33. Qxh5 c1=Q+ 34. Rf1
Qe3+ 35. Kh2 Qh6 36. Qxh6 gxh6 37. Rf2 Bxf3 38. Rxf3 d5+ 39. Kg2 c4 40. dxc4 dxc4
41. Rc3 Rd2+ 42. Kf3 Rd3+ 43. Rxd3 cxd3 0-1

[Event "OGOLNOPOLSKA OLIMPIADA MLODZIEZY<br/>MISTRZOSTWA POLSKI JUNIOROW 2016 - D14"]
[Site "Olecko"]
[Date "2016-05-08"]
[Round "5.1"]
[White "Kucharska, Honorata"]
[Black "Kalinowska, Zuzanna"]
[Result "0-1"]
[WhiteTitle "k"]
[BlackTitle "k"]
[WhiteElo "1857"]
[BlackElo "1901"]

1. e4 e6 2. Qe2 c5 3. g3 Nc6 4. c3 Be7 5. Bg2 d5 6. d3 Nf6 7. f4 O-O 8. Nd2 b5
9. Ngf3 Rb8 10. O-O a5 11. Ng5 b4 12. h4 a4 13. Ndf3 Qc7 14. Ne5 h6 15. Nxc6 Qxc6
16. Nh3 Ba6 17. e5 Ne4 18. Qf3 bxc3 19. bxc3 Nxc3 20. f5 exf5 21. Nf4 c4 22. Bd2
cxd3 23. Rac1 Bc5+ 24. Kh2 Ne4 25. Rfd1 Rfc8 26. Be3 Bc4 27. Bxc5 Nxc5 28. Nxd3
Nxd3 29. Rxd3 Qe6 30. Rdc3 Re8 31. Re1 Rb2 32. Kh1 Rxa2 33. Qf4 Rb2 34. Qd4 Qb6
0-1

[Event "OGOLNOPOLSKA OLIMPIADA MLODZIEZY<br/>MISTRZOSTWA POLSKI JUNIOROW 2016 - D14"]
[Site "Olecko"]
[Date "2016-05-08"]
[Round "5.2"]
[White "Malicka, Maria"]
[Black "Swiech, Joanna"]
[Result "0-1"]
[WhiteTitle "I++"]
[BlackTitle "I++"]
[WhiteElo "1715"]
[BlackElo "1939"]

1. Nf3 f5 2. c4 Nf6 3. g3 b6 4. Bg2 Bb7 5. O-O e6 6. d3 Be7 7. Nc3 O-O 8. b3 Qe8
9. e3 Qh5 10. Nd4 Bxg2 11. Qxh5 Nxh5 12. Kxg2 a6 13. f4 Bf6 14. Nde2 Nc6 15. h3
g6 16. g4 fxg4 17. hxg4 Ng7 18. Ba3 Rfd8 19. g5 Bxc3 20. Nxc3 Nf5 21. Kf2 d5 22.
cxd5 exd5 23. d4 Na7 24. Rac1 Nb5 25. Bb2 Nfd6 26. Kf3 Nxc3 27. Rxc3 Ne4 28. Rc2
Rf8 29. Kg4 Rf7 30. Rfc1 Ra7 31. Ba3 a5 32. b4 Nd6 33. Rb1 Nc4 34. Bc1 axb4 35.
Rxb4 Re7 36. Re2 Ra5 37. e4 Kf7 38. e5 Ke6 39. Rh2 c6 40. Rb3 c5 41. dxc5 bxc5
42. Rbh3 Raa7 43. Rh6 Rf7 44. R6h3 d4 45. Rb3 Kd5 46. Re2 Rfb7 47. Rxb7 Rxb7 48.
e6 Re7 49. f5 gxf5+ 50. Kxf5 d3 51. Re1 Nd6+ 52. Kf6 Re8 53. Re5+ Kc6 54. e7 c4
55. Bd2 Kd7 56. a4 Rc8 57. Bc3 Rg8 58. Re1 Rg6+ 59. Ke5 Rxg5+ 60. Kd4 Rg4+ 61.
Kd5 h5 62. Re6 Rg5+ 63. Be5 Ne8 64. Rb6 Kxe7 65. Rb7+ Kf8 66. Ke6 d2 67. Rd7 Rxe5+
68. Kxe5 c3 69. Rd3 c2 0-1

[Event "OGOLNOPOLSKA OLIMPIADA MLODZIEZY<br/>MISTRZOSTWA POLSKI JUNIOROW 2016 - D14"]
[Site "Olecko"]
[Date "2016-05-08"]
[Round "5.3"]
[White "Harazinska, Magdalena"]
[Black "Wolagiewicz, Kinga"]
[Result "0-1"]
[WhiteTitle "I++"]
[BlackTitle "I"]
[WhiteElo "1805"]
[BlackElo "1397"]

1. d4 d5 2. Nf3 e6 3. c4 c6 4. Qc2 Bd6 5. g3 Nd7 6. Bg2 dxc4 7. Qxc4 Nb6 8. Qc2
Ne7 9. O-O Qc7 10. Nc3 O-O 11. Ne4 Ng6 12. Nxd6 Qxd6 13. h4 h5 14. e4 e5 15. dxe5
Nxe5 16. Nxe5 Qxe5 17. Bf4 Qb5 18. b3 Be6 19. Rfd1 c5 20. Bf1 c4 21. bxc4 Bxc4
22. Bxc4 Qxc4 23. Qxc4 Nxc4 24. Rd7 b5 25. Rd5 a6 26. Rxh5 Rfe8 27. f3 Rad8 28.
Rd5 Rxd5 29. exd5 Rd8 30. Rd1 Nb2 31. Rd4 Na4 32. Bd2 Rd7 33. Ba5 f6 34. Kf2 Kf7
35. Ke3 Nc5 36. Rd2 Nb7 37. Bb6 Nd6 38. Kd4 Nc4 39. Rc2 Nxb6 40. Rc5 Nc4 41. f4
Nd6 42. Rc3 Nf5+ 43. Ke4 Nd6+ 44. Kd4 Nc4 45. Rc2 Re7 46. Rc3 f5 47. Rc2 Re4+
48. Kc5 Ne3 49. Rf2 Rc4+ 50. Kd6 Rd4 51. Re2 Rxd5+ 52. Kc6 Rd3 53. Kb6 Rd6+ 54.
Kc5 Re6 55. Rf2 Nc4 56. Rg2 g6 57. Kd4 Re4+ 58. Kd5 Ne3+ 0-1

[Event "OGOLNOPOLSKA OLIMPIADA MLODZIEZY<br/>MISTRZOSTWA POLSKI JUNIOROW 2016 - D14"]
[Site "Olecko"]
[Date "2016-05-08"]
[Round "5.4"]
[White "Rudzinska, Michalina"]
[Black "Michalska, Aleksandra"]
[Result "1/2-1/2"]
[WhiteTitle "I"]
[BlackTitle "I"]
[WhiteElo "1738"]
[BlackElo "1560"]

1. e4 e5 2. Nf3 Nc6 3. Bb5 g6 4. c3 Nge7 5. d4 exd4 6. cxd4 d5 7. exd5 Nxd5 8.
O-O Bg7 9. Re1+ Be6 10. Ng5 O-O 11. Bxc6 bxc6 12. Nc3 Nxc3 13. bxc3 Bc4 14. Qf3
Qd5 15. Qh3 h6 16. Nf3 g5 17. Ne5 Rfe8 18. f4 f6 19. Nf3 Rxe1+ 20. Nxe1 Qe4 21.
Qe3 Qxe3+ 22. Bxe3 Rb8 23. Nf3 Rb2 24. a3 Re2 25. Re1 Rc2 26. Rc1 Re2 27. Bf2
Bd5 28. fxg5 hxg5 29. c4 Bxf3 30. gxf3 Ra2 31. Rc3 f5 32. Rd3 Bf8 33. c5 Kf7 34.
h4 Bh6 35. d5 cxd5 36. Rxd5 Ke6 37. Rd3 Ra1+ 38. Kg2 Ra2 39. Kg1 Ra1+ 40. Kg2
Ra2 1/2-1/2

[Event "OGOLNOPOLSKA OLIMPIADA MLODZIEZY<br/>MISTRZOSTWA POLSKI JUNIOROW 2016 - D14"]
[Site "Olecko"]
[Date "2016-05-08"]
[Round "5.5"]
[White "Budkiewicz, Magdalena"]
[Black "Jarocka, Liwia"]
[Result "0-1"]
[WhiteTitle "I"]
[BlackTitle "I+"]
[WhiteElo "1495"]
[BlackElo "1667"]

1. e4 e5 2. Nf3 Nc6 3. Bc4 Nf6 4. d3 h6 5. Nc3 g6 6. Be3 Bg7 7. h3 d6 8. Qd2 Na5
9. Bb3 c6 10. d4 Qe7 11. dxe5 dxe5 12. O-O Nxb3 13. axb3 a6 14. Rfd1 Nd7 15. Na4
f5 16. exf5 gxf5 17. Re1 b5 18. Nc3 Bb7 19. Bd4 O-O-O 20. Qf4 Rde8 21. Qxf5 Rhf8
22. Qg4 c5 23. Bxc5 Qxc5 24. Qxg7 Bxf3 25. gxf3 Rg8 0-1

[Event "OGOLNOPOLSKA OLIMPIADA MLODZIEZY<br/>MISTRZOSTWA POLSKI JUNIOROW 2016 - D14"]
[Site "Olecko"]
[Date "2016-05-08"]
[Round "5.6"]
[White "Lascar, Maria Elena"]
[Black "Waszczuk, Patrycja"]
[Result "1/2-1/2"]
[WhiteTitle "I+"]
[BlackTitle "k"]
[WhiteElo "1491"]
[BlackElo "1770"]

1. e4 e5 2. Nf3 Nc6 3. Nc3 Nf6 4. d4 exd4 5. Nxd4 Bb4 6. Nxc6 bxc6 7. Bd3 d5 8.
exd5 cxd5 9. O-O O-O 10. Bg5 Bxc3 11. bxc3 c6 12. Qf3 Qd6 13. Bxf6 Qxf6 14. Qxf6
gxf6 15. c4 dxc4 16. Bxc4 Be6 17. Bd3 Rab8 18. f4 Rb2 19. a3 c5 20. f5 Bd5 21.
Rf4 Rc8 22. Bc4 Bc6 23. Bd3 Bb7 24. Re1 c4 25. Rxc4 Rxc4 26. Re8+ Kg7 27. Bxc4
Rxc2 28. Bf1 Rb2 29. Rb8 Rb1 30. Kf2 Be4 31. Rxb1 Bxb1 32. g4 Kf8 33. Bc4 Be4
34. Ke3 Bb7 35. Kf4 h6 36. Ke3 Ke7 37. Kf4 Bc6 38. Ke3 Bb7 39. Kf4 Bc6 40. Ke3
Bb7 41. Kf4 Bc6 1/2-1/2

[Event "OGOLNOPOLSKA OLIMPIADA MLODZIEZY<br/>MISTRZOSTWA POLSKI JUNIOROW 2016 - D14"]
[Site "Olecko"]
[Date "2016-05-08"]
[Round "5.7"]
[White "Czarniecka, Aleksandra"]
[Black "Raczykowska, Paulina"]
[Result "1/2-1/2"]
[WhiteTitle "I"]
[BlackTitle "I+"]
[WhiteElo "1624"]
[BlackElo "1737"]

1. e4 e5 2. Nf3 Nc6 3. Bb5 a6 4. Ba4 Nf6 5. Qe2 b5 6. Bb3 Be7 7. O-O d6 8. c3 Nb8
9. Rd1 Bb7 10. Bc2 c5 11. d4 Qc7 12. d5 O-O 13. b3 Re8 14. Nbd2 Bf8 15. Nf1 Nbd7
16. Ng3 g6 17. h4 h5 18. Ng5 Nb6 19. a4 c4 20. a5 cxb3 21. Bxb3 Qxc3 22. Bd2 Qxb3
23. axb6 Rac8 24. Rab1 Qc4 25. Qf3 Bg7 26. Nf1 Qa2 27. Ra1 Qb2 28. Rab1 Qa2 29.
Ra1 Qb2 30. Rab1 Qa2 31. Ra1 1/2-1/2